00494nam a22001811a 45000010005000000030004000050050017000090080041000260200015000670500017000820820017000992450059001162640023001753000011001985000019002096500054002287000030002821755OSt20260204211746.0040120s1999||||sp ||||||b||||||||||spa|| a8478842004 a370.196 R22j a370.196 R22j aLa reforma educacional chilena / Juan Eduardo García aEspaña : Popular a335 p. aIncluye indice a1.Educación Internacional 2.Educación Chilena aEduardo García, juanÌ